Täydennä sanat - Statistics

Yleistilastot
  • Tätä visaa on pelattu 140 kertaa
  • Keskiarvotulos 8 / 27
Vastaustilastot
Biisin nimi Artisti % Oikein
Koska me ei olla enää me Ostetaan ________ jollekin toiselle Me ei olla enää me Sanni Joululahjat
85%
Ei enää duunii, painan puita uuniin Syvemälle ______ meen Ikuinen vappu JVG Skutsiin
74%
Perukaa häät, ristiäiset Linnut, junat ja _______ Paskana Sara Siipola Internet
70%
Hän on nahkatakkinen tyttö Sama tyttö on nähnyt _______ Nahkatakkinen tyttö Sama tytö on uskonut _______ Nahkatakkinen tyttö Erin helvetin, ihmisiin
66%
Katot muhun ja mä hajoon suhun Koulun ________ kiskalla Puuttuva palanen Robin Viereisellä
65%
Tummat silmät, ruskea tukka Niihin kerran _______ sain Tummat silmät, ruskea tukka Paula Koivuniemi Langeta
55%
Jos nyt jaksan viel tän yhden ____ yli Onks sen jälkeen uusi ____ Mä hiihdän Antti Tuisku Mäen, mäki
55%
Äiti kyynel poskella katsoo ____ Aina kun mä saan vuoden _____ Syntymäpäivä! Behm Isää, lisää
52%
Sade tuli tulvana yli _______ Sinä olet ihme, suuri _______ Sinulla on ilmaa ja kyky hengittää Olkapäällä ________ vaikket sitä nää Sitkeä sydän Juha Tapio pysäkin, sittenkin, kyyhkynen
52%
Jos sä tahdot niin, tuon sulle _______ vuoteeseen Tai siirrän pohjoisen _________ Jos sä tahdot niin Jippu&Samuli Edelmann Tiibetin, luoteeseen
34%
Ristiriitainen __________ Muurit suojaa mun identiteettii Matkalla Ellinoora (Vain elämää) Mentaliteetti
27%
Mielummin mä nukkuisin ________ Ku enää ikinä sun kainalossa Viimeisiä sanoja Bee Katuojassa
24%
Kun tie mua vie, mä ikävöin sun_________ Ja kun vieressä oot, niin unohdun mun ________ Satama Kuumaa Kuiskauksii, ajatuksiin
22%
Sinun, minä olen sinun Mee sun _______ kertomaan Minun, sinä olet minun Vaikka pois nyt sua _________ Sinä olet minun Lauri Tähkä luojalles, kannetaan
20%
Olen viikon ollut tiettömällä tiellä ________ krapulassa heräsin Rentun ruusu Irwin Goodman Rapakosta
14%
Tää kaikki sattui liian Lujaa pieneen ________ Joka kaiken turhaan antaneena Särkyi _________ Särkynyt enkeli enkeliin, asfalttiin
13%
Saa sitä olla _____ Mut kohta tää ______ Kumartuu pöydän yli Ja sopertaa, et sillon vaimo! Juha88 Vilma Alina kaino, taliaivo
13%
Muut puhuu vaan __________ Mut mä en haluu hyönteisii mun mahaan Perillä Aliisa Syrjä Perhosistaan
13%
Vuodet eikä ________ tee must kai tän _________ Mut viel voin vaikuttaa siihen, mitä näil korteil saa Mitä näil korteil saa? Viivi Kilsatkaan, viisampaa
7%
Jutteluseuraa en iltaisin saa________ Ikävöin sua meidän valokuva-albumeista Minna Arttu Wiskari Implanteista
5%
Sain sinulta mun ensimmäisen_______ Ton nailonkielisen ________ Sitä tykkäsit iteki soitella Nää soinnutkin opin sinulta Isän ikäinen Olli Halonen kitaran, Landolan
5%
Olen rikki poikki ja ______ mut en näytä sitä _______ Seuraavassa elämässä Suvi Teräsniska Katki, ulospäin
4%
Niin kauas käynyt oon mä ____________ Luotin ________ vain kylmää tuulta sain Kuljen taas kotiin päin Tapani Kansa Synnyinseudultain, kohtaloon
4%
Taivaan tie kulkee halki ________ se johtaa tavallisiin koteihin Taivaan tie Katri Helena Kaupungin
3%
Junassa nainen ________ ja _________ Kotimatkalla miettii Voi kun riittäis laskuihin massit Muukalainen Frans Harju Silmäpussit, kauppakassit
3%
Kiitos, kun olit totta hetken Nyt mun täytyy tästä ______ Vierelläni teet _________ Vaikka se olis kuvitelmaa Jos sua ei ois ollut Kaija Koo Jatkaa, loppuretken
1%
Tää ________ korjaantuu Vaikka just nyt et tunne niin Ihmisen muotoinen Jannika B Toimintahäiriö
1%
Ehtoja vastaavia visoja ei löytynyt
Tulosjakauma
Jokaisen tuloksen saaneiden osuus
Persentiili vastausten määrän mukaan
Tuloshistoriasi
Et ole pelannut tätä visaa